Voice Actors of Steven Universe - Statistics

General Stats
  • This quiz has been taken 5 times
  • The average score is 8 of 26
Answer Stats
Character Actor % Correct
Steven Universe Zach Callison
100%
Garnet Estelle
80%
Pearl, Yellow Pearl, Blue Pearl Deedee Magno Hall
60%
Amethyst Michaela Dietz
60%
Yellow Diamond Patti LuPone
60%
Rose Quartz, Pink Diamond Susan Egan
60%
White Diamond Christine Ebersole
40%
Jasper, Malachite (Jasper in control) Kimberly Brooks
40%
Rubies Lo Mutuc
40%
Sugilite Nicki minaj
40%
Opal Aimee Mann
20%
Stevonnie AJ Michalka
20%
Rainbow Quartz 2.0 Alastair James
20%
Sapphires Erica Luttrell
20%
Lapis, Mean Lapis, Nice Lapis, Malachite (Lapis in Control) Jennifer Paz
20%
Sadie Kate Micucci
20%
Blue Diamond Lisa Hannigan
20%
Lars Matthew Moy
20%
Smoky Quartz Natasha Lyonne
20%
Peridot Shelby Rabara
20%
Greg Universe Tom Scharpling
20%
Sardonyx Alexia Khadime
0%
Aquamarine Della Saba
0%
Connie Grace Rolek
0%
Topaz Martha Higareda
0%
Sunstone Shoniqua Shandai
0%
No matching quizzes found
Score Distribution
Percent of People with Each Score
Percentile by Number Answered
Your Score History
You have not taken this quiz